000 00657nam a2200193Ia 4500
005 20260114154941.0
008 008 250103s9999 xx 000 0 hin d
037 _aTheses
040 _aCRL
_bhin
_cCRL
041 _ahin
_2hin
084 _qCRL
100 _aप्रीति, ले.
_9868767
245 0 _aपश्चिमी भारत में बौद्ध धर्म: एक ऐतिहासिक अध्ययन
260 _aDelhi
_bष्दिल्ली विश्वविद्यालय
_c2022
300 _a307पृ0
650 _aबौद्ध धर्म
_9868768
942 _cTH
999 _c1469284
_d1469284